Normal view
MARC view
Entry Geographic Name
001 - CONTROL NUMBER
- control field: 17499
003 - CONTROL NUMBER IDENTIFIER
- control field: BD-RjUL
005 - DATE AND TIME OF LATEST TRANSACTION
- control field: 20251209124030.0
008 - FIXED-LENGTH DATA ELEMENTS
- fixed length control field: 251209|| aca||aabn | a|a d
040 ## - CATALOGING SOURCE
- Original cataloging agency: BD-RjUL
- Transcribing agency: BD-RjUL
151 ## - HEADING--GEOGRAPHIC NAME
- Geographic name: France
- General subdivision: Social life and customs
- General subdivision: Fiction
670 ## - SOURCE DATA FOUND
- Source citation: Work cat.: (BD-RjUL)86044: Proust, Marcel, 1871-1922. 17497, The sweet cheat gone /, 1930, [reprinted 1968]